The Use of neoprene latex and its blends with natural rubber latex for latex based products manufacture (Record no. 71132)

MARC details
000 -LEADER
fixed length control field 00518nam a2200169Ia 4500
100 ## - MAIN ENTRY--AUTHOR NAME
Personal name Edirisinghe D G
245 #4 - TITLE STATEMENT
Title The Use of neoprene latex and its blends with natural rubber latex for latex based products manufacture
260 ## - PUBLICATION, DISTRIBUTION, ETC. (IMPRINT)
Name of publisher Bulletin of the Rubber Research Institute of Sri Lanka
Year of publication 2008
300 ## - PHYSICAL DESCRIPTION
Number of Pages 16-Dec
650 ## - SUBJECT ADDED ENTRY--TOPICAL TERM
Topical Term Blends
650 ## - SUBJECT ADDED ENTRY--TOPICAL TERM
Topical Term Latex products
650 ## - SUBJECT ADDED ENTRY--TOPICAL TERM
Topical Term Neoprene latex
650 ## - SUBJECT ADDED ENTRY--TOPICAL TERM
Topical Term NR latex
700 ## - ADDED ENTRY--PERSONAL NAME
Personal name Perera G M P
942 ## - ADDED ENTRY ELEMENTS (KOHA)
Koha item type Journals
Holdings
Withdrawn status Lost status Damaged status Not for loan Home library Current library Shelving location Date acquired Serial Enumeration / chronology Koha item type
      Journals RRII Library RRII Library Rubber technology 18/03/2009 Volume 49, Issue .. Journals